| 000 | 01208nam a2200205 a 4500 | ||
|---|---|---|---|
| 001 | 000978314 | ||
| 003 | AM-YeHGA | ||
| 005 | 20250617150202.0 | ||
| 008 | 130813s1974 ru r 000 0 rus d | ||
| 040 | _aAM-YeHGA | ||
| 041 | 0 | _arus | |
| 245 | 0 | 0 |
_aНеспецифические стимуляторы реактивности организма в онкологии : _bТезисы докладов симпозиума / _cЛатвиийский научно-исследовательский институт экспериментальной и клинической медицины; Редкол.: В.М. Брамберг (отв. ред.) и др. |
| 260 |
_aРига : _bЗинатне, _c1974. |
||
| 300 | _a220 с. | ||
| 504 | _aБиблиогр. в конце ст. | ||
| 653 | 0 | _aПротивоопухолевая активность иммунологическая - Биогенные стимуляторы | |
| 700 | 1 |
_aБрамберг, В. М. _eред. _4edt |
|
| 710 | 2 | _aЛатвийский научно-исследовательский институт экспериментальной и клинической медицины МЗ ЛатССР | |
| 090 | _c327876 | ||
| 999 |
_c326129 _d326129 |
||